[Event "Bundesliga B Mitte 2008/2009"]
[Site "Feffernitz"]
[Date "2008.11.30"]
[Round "4"]
[Board "1"]
[White "Mohr, Georg"]
[Black "Ennsberger, Ulrich"]
[Result "1-0"]
[WhiteElo "2488"]
[BlackElo "2315"]
[PlyCount "73"]
[EventDate "2008.10.11"]
[EventType "team"]
[EventRounds "11"]
[EventCountry "AUT"]
[WhiteTeam "Strassenbahn Graz"]
[BlackTeam "Schachgemeinschaft Voecklabruck"]

1.c4 e5 2.Nc3 Nf6 3.Nf3 Nc6 4.d4 e4 5.Ng5 Bb4 6.Bd2 Bxc3 7.Bxc3 d5 8.e3 O-O 9.h4
a5 10.Qb3 h6 11.cxd5 Ne7 12.Nh3 Nexd5 13.g3 Bg4 14.Bg2 Qd7 15.Nf4 Rfe8 16.Rc1 c6
17.Qc2 a4 18.a3 Qf5 19.Bd2 Nxf4 20.gxf4 Nd5 21.Rg1 h5 22.Bc3 Nxf4 23.exf4 Qxf4
24.d5 Rad8 25.Bf1 e3 26.f3 e2 27.Bh3 Qh2 28.Bd4 Rxd5 29.Qc3 Bxf3 30.Rxg7+ Kf8
31.Qxf3 Re7 32.Bf6 Rd1+ 33.Rxd1 exd1=Q+ 34.Kxd1 Qd6+ 35.Kc2 Qc5+ 36.Bc3 Qc4
37.Rg8+

[Event "Bundesliga B Mitte 2008/2009"]
[Site "Feffernitz"]
[Date "2008.11.30"]
[Round "4"]
[Board "2"]
[White "Rolletschek, Heinrich"]
[Black "Butunoi, Alexandru"]
[Result "0-1"]
[WhiteElo "2222"]
[BlackElo "2402"]
[PlyCount "114"]
[EventDate "2008.10.11"]
[EventType "team"]
[EventRounds "11"]
[EventCountry "AUT"]
[WhiteTeam "Schachgemeinschaft Voecklabruck"]
[BlackTeam "Strassenbahn Graz"]

1.e4 g6 2.g3 Bg7 3.Bg2 c5 4.Ne2 Nc6 5.c3 e5 6.d3 Nge7 7.Be3 b6 8.d4 exd4 9.cxd4
Ba6 10.Nbc3 cxd4 11.Nxd4 O-O 12.Qa4 Qc8 13.Rd1 Nxd4 14.Bxd4 Bxd4 15.Qxd4 Nc6
16.Qxd7 Qxd7 17.Rxd7 Ne5 18.Rd2 Rac8 19.Kd1 Nc4 20.Rd4 Nxb2+ 21.Kc2 Nc4 22.Rhd1
Ne5 23.Kb3 Bc4+ 24.Kb2 Be6 25.Nd5 Rc5 26.h3 Kg7 27.Rc1 Rfc8 28.Rxc5 Rxc5 29.Nf4
Rb5+ 30.Ka1 Bc4 31.h4 Ra5 32.Rd2 Kf6 33.Bh3 h6 34.Bc8 g5 35.hxg5+ hxg5 36.Ng2
Nf3 37.Rb2 Bd3 38.Bb7 Rc5 39.Rb3 Rc1+ 40.Kb2 Rc2+ 41.Ka3 Ne5 42.Ne1 Rd2 43.f4
gxf4 44.gxf4 Nc4+ 45.Kb4 Be2 46.Bd5 Nd6 47.Kc3 Rd1 48.Nc2 Nb5+ 49.Kb2 Rf1 50.Bc6
Nc7 51.e5+ Ke7 52.Re3 Bg4 53.Ra3 a6 54.Rb3 b5 55.a4 Rxf4 56.axb5 axb5 57.Bxb5
Be6

[Event "Bundesliga B Mitte 2008/2009"]
[Site "Feffernitz"]
[Date "2008.11.30"]
[Round "4"]
[Board "3"]
[White "Petre, Nad-Titus"]
[Black "Gneiss, Karl"]
[Result "1-0"]
[WhiteElo "2405"]
[BlackElo "2119"]
[PlyCount "133"]
[EventDate "2008.10.11"]
[EventType "team"]
[EventRounds "11"]
[EventCountry "AUT"]
[WhiteTeam "Strassenbahn Graz"]
[BlackTeam "Schachgemeinschaft Voecklabruck"]

1.Nf3 c5 2.g3 Nc6 3.Bg2 g6 4.O-O Bg7 5.d3 Nf6 6.Nc3 O-O 7.e4 d5 8.h3 e6 9.Bd2 b6
10.Qc1 Ba6 11.Re1 d4 12.Ne2 Qc7 13.Bh6 Rfd8 14.b3 Bb7 15.Qg5 Qe7 16.Nh2 Nd7
17.Qd2 Qf8 18.Bxg7 Qxg7 19.f4 Ne7 20.g4 Rab8 21.Ng3 f6 22.h4 Rf8 23.Re2 h6
24.Kh1 Kh7 25.Rg1 Rbe8 26.Bf3 Qf7 27.Rf2 Bc6 28.Rgf1 Rg8 29.Bg2 Ref8 30.Nf3 Qe8
31.Ng1 Qd8 32.Nh3 f5 33.g5 h5 34.Qd1 Kg7 35.Re1 Re8 36.Bf3 Rh8 37.Kh2 Qa8 38.c3
Qb8 39.cxd4 cxd4 40.exf5 exf5 41.Rxe7+ Rxe7 42.Bxc6 Nc5 43.b4 Qd6 44.Bb5 Ne6
45.a3 Nc7 46.Bc4 Nd5 47.Bxd5 Qxd5 48.Ng1 Rc8 49.Nf3 Rc3 50.Ne2 Rxa3 51.Nexd4 Re3
52.Rd2 Qd6 53.Kg2 Qxf4 54.Qc1 Raxd3 55.Rxd3 Qg4+ 56.Kf2 Rxd3 57.Qc7+ Kh8 58.Qd8+
Kh7 59.Qe7+ Kg8 60.Qe8+ Kh7 61.Qf7+ Kh8 62.Qf8+ Kh7 63.Qh6+ Kg8 64.Qxg6+ Kh8
65.Qf6+ Kh7 66.g6+ Qxg6 67.Ng5+

[Event "Bundesliga B Mitte 2008/2009"]
[Site "Feffernitz"]
[Date "2008.11.30"]
[Round "4"]
[Board "4"]
[White "Mittendorfer, Josef"]
[Black "Supancic, Darko"]
[Result "1/2-1/2"]
[WhiteElo "2101"]
[BlackElo "2377"]
[PlyCount "97"]
[EventDate "2008.10.11"]
[EventType "team"]
[EventRounds "11"]
[EventCountry "AUT"]
[WhiteTeam "Schachgemeinschaft Voecklabruck"]
[BlackTeam "Strassenbahn Graz"]

1.d4 d6 2.c4 e5 3.dxe5 dxe5 4.Qxd8+ Kxd8 5.Nc3 Be6 6.e4 Nd7 7.Bg5+ f6 8.Be3 c6
9.O-O-O g6 10.g3 h5 11.Bh3 Ke7 12.Bxe6 Kxe6 13.f4 Nh6 14.h3 h4 15.g4 exf4
16.Bxf4 Ne5 17.g5 Nhf7 18.gxf6 Bh6 19.Bxh6 Rxh6 20.Nge2 Kxf6 21.b3 Rd8 22.Rxd8
Nxd8 23.Rf1+ Ke7 24.Kd2 Ne6 25.Ke3 Rh8 26.Nd4 Rd8 27.Nce2 a5 28.Nxe6 Kxe6
29.Nd4+ Ke7 30.Rf4 a4 31.Rxh4 axb3 32.axb3 c5 33.Nb5 Rd3+ 34.Ke2 Rxb3 35.Rh7+
Kf6 36.Nd6 b6 37.h4 Rb2+ 38.Ke3 Ke6 39.Ne8 Nxc4+ 40.Kd3 Ne5+ 41.Kc3 Rb4 42.Nc7+
Kd6 43.Ne8+ Kc6 44.Rc7+ Kb5 45.Nd6+ Ka6 46.Rc8 Ka7 47.Rc7+ Kb8 48.Rc8+ Ka7
49.Rc7+

[Event "Bundesliga B Mitte 2008/2009"]
[Site "Feffernitz"]
[Date "2008.11.30"]
[Round "4"]
[Board "6"]
[White "Nussbaumer, Josef"]
[Black "Kastner, Walter"]
[Result "1/2-1/2"]
[WhiteElo "2075"]
[BlackElo "2225"]
[PlyCount "124"]
[EventDate "2008.10.11"]
[EventType "team"]
[EventRounds "11"]
[EventCountry "AUT"]
[WhiteTeam "Schachgemeinschaft Voecklabruck"]
[BlackTeam "Strassenbahn Graz"]

1.e4 c5 2.Nf3 a6 3.d4 cxd4 4.Nxd4 Nf6 5.Nc3 e5 6.Nb3 Bb4 7.Bd2 Nc6 8.Nd5 Bxd2+
9.Nxd2 Nxd5 10.exd5 Ne7 11.d6 Ng6 12.Qf3 Rb8 13.Bc4 O-O 14.O-O-O b5 15.Bd5 Nf4
16.Rhe1 Qf6 17.Ne4 Qh6 18.Kb1 Nxd5 19.Rxd5 Bb7 20.Rxe5 Qxh2 21.Nf6+ Kh8 22.Qh5
Qxh5 23.Nxh5 Bxg2 24.Nxg7 Kxg7 25.Rg5+ Kf6 26.Rxg2 h5 27.Rg3 Rh8 28.Rf3+ Kg7
29.Re7 Rhf8 30.c3 Rbe8 31.Rxd7 Rd8 32.Rfxf7+ Rxf7 33.Rxd8 Rxf2 34.Kc1 Rf6 35.Kd2
h4 36.d7 Rd6+ 37.Ke3 h3 38.Kf2 Rd2+ 39.Kg1 Rg2+ 40.Kh1 Rd2 41.b3 Kf7 42.Rh8 Rxd7
43.Rh7+ Ke6 44.Rxd7 Kxd7 45.Kh2 Kd6 46.Kxh3 Kd5 47.Kg3 Ke4 48.c4 bxc4 49.bxc4
Kd4 50.Kf3 Kxc4 51.Ke2 Kc3 52.Ke1 Kb2 53.a4 a5 54.Kd2 Ka3 55.Kc1 Kxa4 56.Kb2 Kb4
57.Ka2 a4 58.Kb2 a3+ 59.Ka2 Ka4 60.Ka1 Kb3 61.Kb1 a2+ 62.Ka1 Ka3

[Event "Bundesliga B Mitte 2008/2009"]
[Site "Leoben"]
[Date "2009.01.31"]
[Round "5"]
[Board "1"]
[White "Velicka, Petr"]
[Black "Szabo, Gergely-Andras-Gyula"]
[Result "1/2-1/2"]
[WhiteElo "2464"]
[BlackElo "2506"]
[PlyCount "47"]
[EventDate "2008.10.11"]
[EventType "team"]
[EventRounds "11"]
[EventCountry "AUT"]
[WhiteTeam "Schachgemeinschaft Voecklabruck"]
[BlackTeam "Schachklub Sparkasse Fuerstenfeld"]

1.e4 c5 2.Nf3 d6 3.Bb5+ Nd7 4.d4 Ngf6 5.O-O a6 6.Bxd7+ Nxd7 7.Nc3 cxd4 8.Qxd4 e6
9.Rd1 Qb6 10.Qxb6 Nxb6 11.Bf4 e5 12.Be3 Nc4 13.Nd5 Nxe3 14.fxe3 Rb8 15.Nb6 Be6
16.h3 Be7 17.Nd2 O-O 18.c3 Rbd8 19.Ndc4 f5 20.Nd5 Bg5 21.exf5 Bxf5 22.Ndb6 Rf7
23.Rf1 Rdf8 24.Rad1 {and the players agreed to a draw after 51 moves}

[Event "Bundesliga B Mitte 2008/2009"]
[Site "Leoben"]
[Date "2009.01.31"]
[Round "5"]
[Board "2"]
[White "Kuba, Guenter"]
[Black "Ennsberger, Ulrich"]
[Result "1/2-1/2"]
[WhiteElo "2397"]
[BlackElo "2315"]
[PlyCount "96"]
[EventDate "2008.10.11"]
[EventType "team"]
[EventRounds "11"]
[EventCountry "AUT"]
[WhiteTeam "Schachklub Sparkasse Fuerstenfeld"]
[BlackTeam "Schachgemeinschaft Voecklabruck"]

1.e4 c5 2.Nf3 e6 3.c3 d5 4.exd5 exd5 5.d4 Nc6 6.Bb5 Bd6 7.dxc5 Bxc5 8.O-O Nge7
9.Nbd2 O-O 10.Nb3 Bb6 11.Re1 a6 12.Bd3 h6 13.h3 Qd6 14.Be3 Bc7 15.Bc5 Qf6
16.Nbd4 Rd8 17.Bc2 b6 18.Qd3 g6 19.Bxe7 Nxe7 20.Qe3 Nf5 21.Bxf5 gxf5 22.Qe7 Qxe7
23.Rxe7 Bd6 24.Re2 Kg7 25.Rae1 Kf6 26.Nc6 Rd7 27.Re8 Bb7 28.Rxa8 Bxa8 29.Ncd4
Re7 30.Rxe7 Bxe7 31.Nh4 f4 32.Kf1 Bb7 33.Ke2 h5 34.Nhf3 Bd6 35.Ne1 Bc8 36.Kf3
Kg5 37.Nd3 h4 38.Ke2 f6 39.Ne1 Bd7 40.Nef3+ Kh5 41.Kd3 Be8 42.Ne6 Bb5+ 43.Kd4
Bb8 44.Nd2 Bc6 45.b3 Be5+ 46.Kd3 Bb5+ 47.c4 dxc4+ 48.bxc4 Bd7

[Event "Bundesliga B Mitte 2008/2009"]
[Site "Leoben"]
[Date "2009.01.31"]
[Round "5"]
[Board "3"]
[White "Rolletschek, Heinrich"]
[Black "Wach, Markus"]
[Result "1/2-1/2"]
[WhiteElo "2222"]
[BlackElo "2377"]
[PlyCount "37"]
[EventDate "2008.10.11"]
[EventType "team"]
[EventRounds "11"]
[EventCountry "AUT"]
[WhiteTeam "Schachgemeinschaft Voecklabruck"]
[BlackTeam "Schachklub Sparkasse Fuerstenfeld"]

1.e4 Nf6 2.e5 Nd5 3.d4 d6 4.Nf3 Nb6 5.Bb5+ Nc6 6.d5 a6 7.Bxc6+ bxc6 8.dxc6 Be6
9.Nc3 dxe5 10.Nxe5 Qxd1+ 11.Nxd1 f6 12.Nd3 Bd5 13.f3 Bxc6 14.Be3 e5 15.Bc5 e4
16.fxe4 Bxe4 17.Bxf8 Kxf8 18.Ne3 Bxd3 19.cxd3

[Event "Bundesliga B Mitte 2008/2009"]
[Site "Leoben"]
[Date "2009.01.31"]
[Round "5"]
[Board "4"]
[White "Kilgus, Georg"]
[Black "Hofmair, Klaus"]
[Result "1/2-1/2"]
[WhiteElo "2349"]
[BlackElo "2250"]
[PlyCount "45"]
[EventDate "2008.10.11"]
[EventType "team"]
[EventRounds "11"]
[EventCountry "AUT"]
[WhiteTeam "Schachklub Sparkasse Fuerstenfeld"]
[BlackTeam "Schachgemeinschaft Voecklabruck"]

1.d4 Nf6 2.c4 e6 3.Nf3 c5 4.d5 exd5 5.cxd5 d6 6.Nc3 g6 7.Bf4 a6 8.e4 Bg4 9.Qa4+
Nbd7 10.Nd2 b5 11.Qc2 Nb6 12.a4 b4 13.Ncb1 Qe7 14.Be3 Bg7 15.Bd3 O-O 16.a5 Nc8
17.Nc4 Bd7 18.O-O Bb5 19.Nbd2 Re8 20.f4 Nd7 21.e5 dxe5 22.f5 Bxc4 23.Bxc4 {and
draw after move 45}

[Event "Bundesliga B Mitte 2008/2009"]
[Site "Leoben"]
[Date "2009.01.31"]
[Round "5"]
[Board "5"]
[White "Gneiss, Karl"]
[Black "Poetz, Florian"]
[Result "0-1"]
[WhiteElo "2119"]
[BlackElo "2227"]
[PlyCount "72"]
[EventDate "2008.10.11"]
[EventType "team"]
[EventRounds "11"]
[EventCountry "AUT"]
[WhiteTeam "Schachgemeinschaft Voecklabruck"]
[BlackTeam "Schachklub Sparkasse Fuerstenfeld"]

1.e4 c5 2.c3 d5 3.exd5 Qxd5 4.d4 Nf6 5.Nf3 e6 6.Bd3 Be7 7.O-O O-O 8.Be3 cxd4
9.cxd4 Nc6 10.Nc3 Qd6 11.Rc1 Bd7 12.a3 Rfd8 13.Bb1 Be8 14.Qe2 Nd5 15.Ne4 Qd7
16.Rfd1 b6 17.Ne5 Qb7 18.Ng5 Bxg5 19.Bxg5 Rdc8 20.Qe4 f5 21.Qe2 h6 22.Nxc6 Rxc6
23.Bd2 Rac8 24.Rxc6 Qxc6 25.g4 fxg4 26.Qxg4 Nf6 27.Qe2 Bh5 28.Qe1 Bxd1 29.Qxd1
Ne4 30.Be3 Qd5 31.Qd3 Ng5 32.h4 Nf3+ 33.Kf1 Nxh4 34.Qh7+ Kf7 35.Be4 Qh5 36.Kg1
Qg4+

[Event "Bundesliga B Mitte 2008/2009"]
[Site "Leoben"]
[Date "2009.01.31"]
[Round "5"]
[Board "1"]
[White "Horvath, Adam"]
[Black "Mohr, Georg"]
[Result "1/2-1/2"]
[WhiteElo "2519"]
[BlackElo "2488"]
[PlyCount "56"]
[EventDate "2008.10.11"]
[EventType "team"]
[EventRounds "11"]
[EventCountry "AUT"]
[WhiteTeam "RbEJ Volksbank Gleisdorf"]
[BlackTeam "Strassenbahn Graz"]

1.e4 c5 2.Nf3 Nc6 3.d4 cxd4 4.Nxd4 Nf6 5.Nc3 e5 6.Ndb5 d6 7.Bg5 a6 8.Na3 b5
9.Nd5 Be7 10.Bxf6 Bxf6 11.c4 b4 12.Nc2 a5 13.g3 Bg5 14.Bg2 O-O 15.O-O Nb8 16.f4
Bf6 17.f5 Nd7 18.h4 Bb7 19.Nce3 Qb8 20.Kh2 Rc8 21.Rc1 Bd8 22.Qh5 Bxd5 23.Nxd5
Nf6 24.Nxf6+ Bxf6 25.g4 Be7 26.g5 f6 27.g6 h6 28.Rfd1 Rc5

[Event "Bundesliga B Mitte 2008/2009"]
[Site "Leoben"]
[Date "2009.01.31"]
[Round "5"]
[Board "2"]
[White "Butunoi, Alexandru"]
[Black "Horvath, Tamas"]
[Result "1-0"]
[WhiteElo "2402"]
[BlackElo "2416"]
[PlyCount "49"]
[EventDate "2008.10.11"]
[EventType "team"]
[EventRounds "11"]
[EventCountry "AUT"]
[WhiteTeam "Strassenbahn Graz"]
[BlackTeam "RbEJ Volksbank Gleisdorf"]

1.e4 c5 2.Nf3 Nc6 3.d4 cxd4 4.Nxd4 e5 5.Nb5 d6 6.c4 Be7 7.b3 a6 8.N5c3 Nf6 9.Bd3
O-O 10.O-O Nd4 11.Ne2 Ne6 12.Nbc3 Bd7 13.a4 Nc5 14.a5 b6 15.b4 Nxd3 16.Qxd3 bxa5
17.Rxa5 Qb8 18.Bd2 Rc8 19.Nd5 Nxd5 20.exd5 f5 21.Rc1 f4 22.Nc3 Rf8 23.Ne4 Qe8
24.f3 Qg6 25.c5 {and white was winning after move 44}

[Event "Bundesliga B Mitte 2008/2009"]
[Site "Leoben"]
[Date "2009.01.31"]
[Round "5"]
[Board "4"]
[White "Pesorda, Ivan"]
[Black "Sandhu, Mario"]
[Result "1/2-1/2"]
[WhiteElo "2270"]
[BlackElo "2292"]
[PlyCount "35"]
[EventDate "2008.10.11"]
[EventType "team"]
[EventRounds "11"]
[EventCountry "AUT"]
[WhiteTeam "Strassenbahn Graz"]
[BlackTeam "RbEJ Volksbank Gleisdorf"]

1.d4 Nf6 2.c4 e6 3.Nc3 Bb4 4.Qc2 O-O 5.Nf3 c5 6.dxc5 Na6 7.g3 Nxc5 8.Bg2 Nfe4
9.O-O Bxc3 10.bxc3 d6 11.Rd1 f5 12.Nd2 Nf6 13.Ba3 Qc7 14.Rab1 Rb8 15.e4 f4 16.e5
dxe5 17.Nb3 Nfd7 18.Qd2

[Event "Bundesliga B Mitte 2008/2009"]
[Site "Leoben"]
[Date "2009.01.31"]
[Round "5"]
[Board "2"]
[White "Gostisa, Leon"]
[Black "Horvath, Jozsef"]
[Result "0-1"]
[WhiteElo "2413"]
[BlackElo "2542"]
[PlyCount "79"]
[EventDate "2008.10.11"]
[EventType "team"]
[EventRounds "11"]
[EventCountry "AUT"]
[WhiteTeam "SV Raika Rapid Feffernitz"]
[BlackTeam "SC Die Klagenfurter"]

1.d4 Nf6 2.Nf3 e6 3.g3 b6 4.Bg2 Bb7 5.c4 Bb4+ 6.Bd2 Be7 7.Nc3 c6 8.O-O d5 9.cxd5
cxd5 10.Bg5 Nc6 11.Ne5 O-O 12.Rc1 Rc8 13.Qd2 h6 14.Bf4 Nxe5 15.Bxe5 Qd7 16.Rfd1
Ne4 17.Nxe4 dxe4 18.Rxc8 Rxc8 19.Rc1 Bd5 20.b3 Ba3 21.Rxc8+ Qxc8 22.Bf4 Qc6
23.Be3 a5 24.h4 a4 25.bxa4 Qxa4 26.Kh2 Qc4 27.f3 exf3 28.Bxf3 Qxa2 29.Qxa2 Bxa2
30.Bc6 Bc4 31.d5 b5 32.dxe6 fxe6 33.Bf3 Be7 34.Kg1 b4 35.Kf1 Ba2 36.Bg4 Kf7
37.Bh5+ g6 38.Bf3 h5 39.g4 hxg4 40.Bxg4

[Event "Bundesliga B Mitte 2008/2009"]
[Site "Leoben"]
[Date "2009.01.31"]
[Round "5"]
[Board "3"]
[White "Pilaj, Herwig"]
[Black "Jeric, Simon"]
[Result "1/2-1/2"]
[WhiteElo "2393"]
[BlackElo "2279"]
[PlyCount "26"]
[EventDate "2008.10.11"]
[EventType "team"]
[EventRounds "11"]
[EventCountry "AUT"]
[WhiteTeam "SC Die Klagenfurter"]
[BlackTeam "SV Raika Rapid Feffernitz"]

1.d4 d5 2.Nf3 Nf6 3.c4 c6 4.e3 Bf5 5.Nc3 e6 6.Nh4 Bg6 7.Nxg6 hxg6 8.g3 Nbd7 9.a3
g5 10.Bg2 Be7 11.e4 Nxe4 12.Nxe4 dxe4 13.Bxe4 Nb6

[Event "Bundesliga B Mitte 2008/2009"]
[Site "Leoben"]
[Date "2009.01.31"]
[Round "5"]
[Board "4"]
[White "Kavcic, Zan"]
[Black "Genser, Harald"]
[Result "1/2-1/2"]
[WhiteElo "2335"]
[BlackElo "2314"]
[PlyCount "46"]
[EventDate "2008.10.11"]
[EventType "team"]
[EventRounds "11"]
[EventCountry "AUT"]
[WhiteTeam "SV Raika Rapid Feffernitz"]
[BlackTeam "SC Die Klagenfurter"]

1.e4 c6 2.Nc3 d5 3.d4 dxe4 4.Nxe4 Bf5 5.Ng3 Bg6 6.h4 h6 7.Nf3 Nd7 8.h5 Bh7 9.Bd3
Bxd3 10.Qxd3 e6 11.Bf4 Qa5+ 12.Bd2 Bb4 13.c3 Be7 14.c4 Qc7 15.O-O-O Ngf6 16.Ne4
O-O 17.Kb1 Rad8 18.Bc3 Nxe4 19.Qxe4 Nf6 20.Qe2 c5 21.Ne5 cxd4 22.Bxd4 Bc5 23.Bc3
Qb6

[Event "Bundesliga B Mitte 2008/2009"]
[Site "Leoben"]
[Date "2009.01.31"]
[Round "5"]
[Board "5"]
[White "Petschar, Kurt"]
[Black "Reiss, Georg"]
[Result "1/2-1/2"]
[WhiteElo "2267"]
[BlackElo "2131"]
[PlyCount "93"]
[EventDate "2008.10.11"]
[EventType "team"]
[EventRounds "11"]
[EventCountry "AUT"]
[WhiteTeam "SC Die Klagenfurter"]
[BlackTeam "SV Raika Rapid Feffernitz"]

1.d4 Nf6 2.g3 d5 3.Bg2 g6 4.Nf3 Bg7 5.O-O O-O 6.Ne5 Nc6 7.c4 Nxe5 8.dxe5 Ng4
9.cxd5 Nxe5 10.Nc3 c5 11.h3 b6 12.Bg5 Rb8 13.d6 f6 14.dxe7 Qxe7 15.Nd5 Qf7
16.Bf4 Be6 17.Bxe5 fxe5 18.e4 b5 19.Qc2 Rfc8 20.h4 c4 21.Kh2 Bf8 22.Bh3 Bxh3
23.Kxh3 Bc5 24.a4 a6 25.axb5 Qe6+ 26.Kg2 axb5 27.h5 g5 28.Ra2 Kg7 29.Rfa1 Bd4
30.Ra6 Rc6 31.Rxc6 Qxc6 32.Qd2 h6 33.Ne7 Qf6 34.Nf5+ Kh8 35.Qe2 Qb6 36.Ne7 Qf6
37.Nd5 Qd6 38.Rf1 Ra8 39.Rd1 Rc8 40.Qg4 Rf8 41.Rd2 b4 42.Qd1 Qc5 43.Qa4 c3
44.bxc3 bxc3 45.Rc2 Qd6 46.Qc4 Qe6 47.f3

[Event "Bundesliga B Mitte 2008/2009"]
[Site "Leoben"]
[Date "2009.01.31"]
[Round "5"]
[Board "6"]
[White "Arztmann, Wolfgang"]
[Black "Titz, Heimo"]
[Result "1/2-1/2"]
[WhiteElo "2122"]
[BlackElo "2216"]
[PlyCount "106"]
[EventDate "2008.10.11"]
[EventType "team"]
[EventRounds "11"]
[EventCountry "AUT"]
[WhiteTeam "SV Raika Rapid Feffernitz"]
[BlackTeam "SC Die Klagenfurter"]

1.e4 c5 2.c3 d5 3.exd5 Qxd5 4.d4 Nf6 5.Nf3 e6 6.Na3 a6 7.Nc2 Nc6 8.Be3 cxd4
9.Ncxd4 Be7 10.Be2 O-O 11.O-O Bd7 12.c4 Qa5 13.a3 Qc7 14.b4 Rfd8 15.Qc2 Ng4
16.Rad1 Nxe3 17.fxe3 g6 18.c5 Ne5 19.Qe4 Bf6 20.Qf4 Kg7 21.Nd2 Be7 22.Nc4 f6
23.Nb6 Rac8 24.Nxd7 Qxd7 25.Nf5+ exf5 26.Rxd7 Rxd7 27.Rd1 Rxd1+ 28.Bxd1 Rd8
29.Bf3 Rd7 30.Kf1 h5 31.h3 Bf8 32.e4 fxe4 33.Qxe4 Kf7 34.Qe3 Kg7 35.Qc1 Be7
36.Qc2 f5 37.Qb3 Bf6 38.Qe6 Re7 39.Qd5 h4 40.a4 Rd7 41.Qe6 Re7 42.Qb3 Nxf3
43.gxf3 Be5 44.b5 axb5 45.axb5 Bg3 46.Qc3+ Kh7 47.c6 bxc6 48.bxc6 g5 49.Qd3 Kg6
50.Kg2 Kg7 51.Qc3+ Kg6 52.Qd3 Kf6 53.Qd8 Kf7

[Event "Bundesliga B Mitte 2008/2009"]
[Site "Leoben"]
[Date "2009.01.31"]
[Round "5"]
[Board "1"]
[White "Wittmann, Walter"]
[Black "Diermair, Andreas"]
[Result "1/2-1/2"]
[WhiteElo "2269"]
[BlackElo "2365"]
[PlyCount "70"]
[EventDate "2008.10.11"]
[EventType "team"]
[EventRounds "11"]
[EventCountry "AUT"]
[WhiteTeam "Union Styria Kleine Zeitung Graz"]
[BlackTeam "Kl. Zeitung MPOE Maria Saal"]

1.e4 e5 2.Nf3 Nc6 3.Bb5 a6 4.Bxc6 dxc6 5.O-O Qd6 6.Na3 Be6 7.Qe2 f6 8.c3 c5
9.Rd1 Bg4 10.h3 Bxf3 11.Qxf3 Ne7 12.d4 cxd4 13.cxd4 exd4 14.Bf4 Qd7 15.Rac1 Rc8
16.Nc2 c5 17.b4 b6 18.bxc5 bxc5 19.Na3 Ng6 20.Nc4 Qe6 21.e5 Be7 22.exf6 Qxf6
23.Qb7 O-O 24.Bg3 Kh8 25.Re1 Rc6 26.Re4 Re6 27.Rce1 Rxe4 28.Rxe4 Rd8 29.Ne5 d3
30.Nxg6+ hxg6 31.Rxe7 d2 32.Be5 d1=Q+ 33.Kh2 Qxe7 34.Qxe7 Qd7 35.Qxc5 Ra8

[Event "Bundesliga B Mitte 2008/2009"]
[Site "Leoben"]
[Date "2009.01.31"]
[Round "5"]
[Board "2"]
[White "Kreisl, Robert"]
[Black "Pirker, Christian"]
[Result "1-0"]
[WhiteElo "2394"]
[BlackElo "2120"]
[PlyCount "55"]
[EventDate "2008.10.11"]
[EventType "team"]
[EventRounds "11"]
[EventCountry "AUT"]
[WhiteTeam "Kl. Zeitung MPOE Maria Saal"]
[BlackTeam "Union Styria Kleine Zeitung Graz"]

1.e4 c5 2.Nf3 d6 3.d4 cxd4 4.Nxd4 Nf6 5.Nc3 a6 6.Be3 e5 7.Nb3 Be6 8.Qd2 Nbd7
9.f4 b5 10.O-O-O b4 11.Nd5 a5 12.Nxf6+ gxf6 13.f5 Bxb3 14.cxb3 a4 15.Bc4 axb3
16.Qd5 Qc8 17.Qxf7+ Kd8 18.axb3 Qc6 19.Kd2 Ra2 20.Ra1 Rxb2+ 21.Kc1 Qxe4 22.Kxb2
Qxg2+ 23.Bd2 Qxd2+ 24.Kb1 Qd4 25.Rc1 Qe4+ 26.Rc2 Bh6 27.Bd5 Qd4 28.Ra8+

[Event "Bundesliga B Mitte 2008/2009"]
[Site "Leoben"]
[Date "2009.01.31"]
[Round "5"]
[Board "3"]
[White "Hatzl, Stefan"]
[Black "Schachinger, Mario"]
[Result "1/2-1/2"]
[WhiteElo "2148"]
[BlackElo "2336"]
[PlyCount "120"]
[EventDate "2008.10.11"]
[EventType "team"]
[EventRounds "11"]
[EventCountry "AUT"]
[WhiteTeam "Union Styria Kleine Zeitung Graz"]
[BlackTeam "Kl. Zeitung MPOE Maria Saal"]

1.e4 e6 2.d4 d5 3.Nc3 dxe4 4.Nxe4 Nd7 5.Nf3 Ngf6 6.Bd3 Nxe4 7.Bxe4 Nf6 8.Bg5 Be7
9.Bd3 c5 10.O-O cxd4 11.Bb5+ Bd7 12.Bxd7+ Qxd7 13.Qxd4 Qxd4 14.Nxd4 O-O-O 15.Nf3
a6 16.c4 h6 17.Be3 Nd7 18.c5 Bf6 19.Rab1 Ne5 20.Nd2 Rd3 21.Ne4 Nc4 22.b3 Na3
23.Rbd1 Rxd1 24.Rxd1 Be5 25.f4 Bc7 26.g3 Rd8 27.Rxd8+ Kxd8 28.Bd4 f6 29.Kf2 Kd7
30.Ke2 Nb5 31.Bb2 Na7 32.Kd3 Nc6 33.Kc4 f5 34.Nd2 g5 35.fxg5 hxg5 36.Nf3 g4
37.Ne1 f4 38.gxf4 Bxf4 39.Kd3 Bxh2 40.Ke4 Ne7 41.Be5 Bxe5 42.Kxe5 Ng6+ 43.Ke4
Kc6 44.Nd3 Kb5 45.a4+ Kc6 46.b4 e5 47.Kf5 g3 48.Kxg6 g2 49.Nxe5+ Kd5 50.Nf3 Kc4
51.b5 axb5 52.axb5 Kxb5 53.Kf5 Kxc5 54.Ke4 Kc4 55.Ke3 b5 56.Kf2 b4 57.Kxg2 Kd3
58.Kf2 b3 59.Ke1 b2 60.Nd2 Kc2

[Event "Bundesliga B Mitte 2008/2009"]
[Site "Leoben"]
[Date "2009.01.31"]
[Round "5"]
[Board "4"]
[White "Reschun, Sascha"]
[Black "Spirk, Stefan"]
[Result "1-0"]
[WhiteElo "2246"]
[BlackElo "2128"]
[PlyCount "127"]
[EventDate "2008.10.11"]
[EventType "team"]
[EventRounds "11"]
[EventCountry "AUT"]
[WhiteTeam "Kl. Zeitung MPOE Maria Saal"]
[BlackTeam "Union Styria Kleine Zeitung Graz"]

1.e4 e6 2.d4 d5 3.e5 c5 4.c3 Nc6 5.Nf3 Qb6 6.a3 c4 7.Nbd2 Na5 8.g3 Bd7 9.h4 h6
10.Bh3 Ne7 11.Rb1 Bb5 12.h5 Qc6 13.Qe2 Ba4 14.Nf1 Bb3 15.Bf4 O-O-O 16.Nh4 Kb8
17.Be3 g5 18.hxg6 fxg6 19.f4 Rg8 20.g4 Qc8 21.Ng3 Ba4 22.Rg1 Be8 23.Nf3 Bf7
24.Rd1 Qd7 25.Qc2 Rc8 26.Rd2 Rc7 27.Rh2 Nb3 28.Bf1 Na5 29.Be2 Nc8 30.Bd1 Nb6
31.Nd2 Qc8 32.Qb1 Qe8 33.Qc2 Qc8 34.Rgg2 Be8 35.Qb1 Qd7 36.Nf3 Bf7 37.Bc2 Qb5
38.Qa2 Na4 39.Bd1 Nb6 40.Qa1 Qd7 41.Rh1 Qc8 42.Bc2 Qe8 43.Qb1 Qb5 44.Qc1 Qe8
45.Rhg1 Qb5 46.f5 g5 47.Rh2 Qe8 48.Rgh1 Nc8 49.Kf2 Ne7 50.Rxh6 Bxh6 51.Rxh6 exf5
52.gxf5 Rh8 53.Qh1 Rxh6 54.Qxh6 Qb5 55.Qf8+ Nc8 56.e6 Bxe6 57.fxe6 Qxb2 58.Ne1
Qb6 59.Bf5 Nc6 60.Bxg5 Nxd4 61.cxd4 Qxd4+ 62.Kg2 Qg7 63.e7 Qxg5 64.e8=Q

[Event "Bundesliga B Mitte 2008/2009"]
[Site "Leoben"]
[Date "2009.01.31"]
[Round "5"]
[Board "5"]
[White "Frank, Paul"]
[Black "Halvax, Georg"]
[Result "1-0"]
[WhiteElo "2249"]
[BlackElo "2187"]
[PlyCount "69"]
[EventDate "2008.10.11"]
[EventType "team"]
[EventRounds "11"]
[EventCountry "AUT"]
[WhiteTeam "Union Styria Kleine Zeitung Graz"]
[BlackTeam "Kl. Zeitung MPOE Maria Saal"]

1.d4 Nf6 2.Nf3 e6 3.g3 d5 4.Bg2 Be7 5.O-O O-O 6.c4 dxc4 7.Nc3 c5 8.dxc5 Na6 9.c6
Qc7 10.Qa4 Nb4 11.Nd4 Nfd5 12.Nxd5 exd5 13.cxb7 Bxb7 14.Nf5 Bc5 15.Bf4 Qb6 16.a3
Na6 17.Qc2 Rfe8 18.Rad1 Rad8 19.Bg5 f6 20.Bf4 Qe6 21.Rfe1 Qb6 22.e4 dxe4 23.Rxd8
Rxd8 24.Bxe4 Bxe4 25.Rxe4 c3 26.bxc3 Bxf2+ 27.Kg2 Bc5 28.Qa2+ Kh8 29.Qf7 Bf8
30.Ne7 Bxe7 31.Rxe7 Qc6+ 32.Kh3 Qc8+ 33.g4 Rg8 34.Bh6 Qxc3+ 35.Re3

[Event "Bundesliga B Mitte 2008/2009"]
[Site "Leoben"]
[Date "2009.01.31"]
[Round "5"]
[Board "6"]
[White "Hartl, Daniel"]
[Black "Hatzl, Johannes"]
[Result "1/2-1/2"]
[WhiteElo "2188"]
[BlackElo "2118"]
[PlyCount "95"]
[EventDate "2008.10.11"]
[EventType "team"]
[EventRounds "11"]
[EventCountry "AUT"]
[WhiteTeam "Kl. Zeitung MPOE Maria Saal"]
[BlackTeam "Union Styria Kleine Zeitung Graz"]

1.e4 c5 2.Nf3 Nc6 3.Bb5 e6 4.O-O Nge7 5.c3 a6 6.Ba4 b5 7.Bc2 Bb7 8.d4 cxd4
9.cxd4 Nb4 10.Nc3 Nxc2 11.Qxc2 d5 12.e5 Nf5 13.Bd2 Be7 14.a3 Qb6 15.Qd3 f6
16.Rfe1 fxe5 17.Rxe5 O-O 18.Ree1 Bf6 19.Ne2 a5 20.b4 a4 21.g4 Nd6 22.g5 Be7
23.Ne5 Rad8 24.Ng3 Ne4 25.f4 Bd6 26.g6 hxg6 27.Nxg6 Rf6 28.Ne5 Bxe5 29.fxe5 Rf2
30.Be3 Rf3 31.Kg2 Rdf8 32.Rf1 Rxf1 33.Rxf1 Nxg3 34.Rxf8+ Kxf8 35.Kxg3 Qc6 36.Kh4
Qd7 37.Bg5 Kg8 38.Kg3 Qc6 39.Be3 Qe8 40.Kg4 Qd7 41.h4 Qc6 42.Qg6 Qd7 43.Bg5 Bc6
44.h5 Qf7 45.Bd8 Qxg6+ 46.hxg6 Bd7 47.Kg5 Be8 48.Be7